Les parents terribles

Gorde:
Xehetasun bibliografikoak
Egile nagusia: Cocteau, Jean
Formatua: Liburua
Hizkuntza:Undetermined
Argitaratua: París, Francia Gallimard 1965
Gaiak:
Etiketak: Etiketa erantsi
Etiketarik gabe, Izan zaitez lehena erregistro honi etiketa jartzen!

MARC

LEADER 00000nam a2200000Ia 4500
008 170316s9999 xx 000 0 und d
040 |a cru BVZT 
090 |a 840 C-7p 
100 |a Cocteau, Jean 
245 |a Les parents terribles 
260 |a París, Francia 
260 |b Gallimard 
260 |c 1965 
300 |a 180 páginas 
650 |a LITERATURA FRANCESA 
999 |c 7609  |d 7609 
942 |c 15 D  |h 840 C-7p  |2 z